Antarrashtriya rajniti: Siddhant aur vyavahar (Record no. 28959)

MARC details
000 -LEADER
fixed length control field 00490nam a2200181Ia 4500
008 - FIXED-LENGTH DATA ELEMENTS--GENERAL INFORMATION
fixed length control field 230917s9999||||xx |||||||||||||| ||und||
020 ## - ISBN
Price RS560
040 ## - CATALOGING SOURCE
-- 251551
Original cataloging agency VIVEKANANDA LIBRARY
041 ## - Language
-- English
082 ## - DDC NUMBER
Classification number 327 G341A(24)
100 ## - MAIN ENTRY--PERSONAL NAME
Personal name Ghai, U R
245 #0 - TITLE STATEMENT
Title Antarrashtriya rajniti: Siddhant aur vyavahar
250 ## - EDITION STATEMENT
Edition statement 24th ed.
260 ## - PUBLICATION, DISTRIBUTION, ETC. (IMPRINT)
Place of publication, distribution, etc Jalladhar
Name of publisher, distributor, etc New Academy Publishing
Date of publication, distribution, etc 2018
300 ## - PHYSICAL DESCRIPTION
Pages 562 p.
500 ## - GENERAL NOTE
General note 3322 20/11/2018 HBD18/7594 20/12/2018 Main Budget
942 ## - ADDED ENTRY ELEMENTS (KOHA)
Koha item type Books
Holdings
Withdrawn status Lost status Damaged status Not for loan Location (home branch) Sublocation or collection (holding branch) Date acquired Koha issues (times borrowed) Koha full call number Accession No. Koha date last seen Koha item type
        VIVEKANANDA LIBRARY VIVEKANANDA LIBRARY 28/01/2019 9 327 G341A(24) 386652 21/06/2025 Books
        VIVEKANANDA LIBRARY VIVEKANANDA LIBRARY 28/01/2019 14 327 G341A(24) 386653 02/12/2025 Books
© Designed and Maintained by Vivekananda Library, MDU Rohtak